logo

Bir Sreshtho Munshi Abdur Rouf Library
Jhenaidah Cadet College

চাঁদের পাহাড় / (Record no. 12707)

MARC details
000 -LEADER
fixed length control field 00731nam a2200217 a 4500
001 - CONTROL NUMBER
JCCL Control Number 12707
003 - CONTROL NUMBER IDENTIFIER
JCCL marc code BD-JhCC
005 - DATE AND TIME OF LATEST TRANSACTION
control field 20230508183439.0
008 - FIXED-LENGTH DATA ELEMENTS--GENERAL INFORMATION
fixed length control field 171106b2011 bg |||| ||a| 00| 0 ben d
035 ## - SYSTEM CONTROL NUMBER
system control number (BD-JhCC)12707
040 ## - CATALOGING SOURCE
Original cataloging agency BD-JhCC
Modifying agency BD-JhCC
041 ## - LANGUAGE CODE
Language code of Book bengali
082 ## - DEWEY DECIMAL CLASSIFICATION NUMBER
Classification number 891.443
Author mark and Year BON 2011
100 ## - MAIN ENTRY--PERSONAL NAME
Personal name বন্দ্যোপাধ্যায়, বিভূতিভূষণ
245 ## - TITLE STATEMENT
Title চাঁদের পাহাড় /
Statement of responsibility, etc বিভূতিভূষণ বন্দ্যোপাধ্যায়
260 ## - PUBLICATION, DISTRIBUTION, ETC. (IMPRINT)
Place of publication, distribution, etc ঢাকা:
Name of publisher, distributor, etc ঝিনুক প্রকাশনী;
Date of publication, distribution, etc ২০১১.
300 ## - PHYSICAL DESCRIPTION
Pagination ৭৯ পৃ.;
Dimensions ২২ সেমি
650 ## - SUBJECT ADDED ENTRY--TOPICAL TERM
Topical term or geographic name as entry element Novel
942 ## - ADDED ENTRY ELEMENTS (KOHA)
Source of classification or shelving scheme Dewey Decimal Classification
Koha item type Books
Holdings
Source of classification or shelving scheme Damaged status Not for loan Home library Current library Shelving location Date of accession Cost, normal purchase price Total Checkouts Full call number Barcode Date last seen Date checked out Copy number Method of acquisition Koha item type Currency Checked out Total Renewals
Dewey Decimal Classification     JCC Rouf Library JCC Rouf Library General Stacks 05/08/2023 100.00 8 891.443 BON 2011 17645 11/18/2025 11/11/2025 C-1 Purchase Books BDT    
Dewey Decimal Classification     JCC Rouf Library JCC Rouf Library General Stacks   180.00 3 891.443 BON 2023 18823 11/18/2025 11/18/2025 C-2 Purchase Books BDT 12/13/2025  
Dewey Decimal Classification     JCC Rouf Library JCC Rouf Library General Stacks   180.00 6 891.443 BON 2023 18824 05/29/2025 04/27/2025 C-3 Purchase Books BDT    
Dewey Decimal Classification     JCC Rouf Library JCC Rouf Library General Stacks   150.00 11 891.443 BON 2014 19448 11/16/2025 11/16/2025 C-4 Purchase Books BDT 12/10/2025 1

JCC Library | Contacts | JCC Home

Last Update on 23 September 2017
Copyright @ 2017-2020 JCC Rouf Library
Rouf Library, Jhenidah Cadet College (JCC), Bangladesh